[Event "Olympiad-23"]
[Site "Buenos Aires"]
[Date "1978.10.25"]
[Round "1"]
[White "Unzicker, Wolfgang"]
[Black "Chandler, Murray G"]
[Result "1-0"]
[WhiteElo "2525"]
[BlackElo "2390"]
[Annotator "Unzicker,W"]
[PlyCount "71"]
[EventDate "1978.10.25"]
[EventType "team-swiss"]
[EventRounds "14"]
[EventCountry "ARG"]
[SourceTitle "EXT 2000"]
[Source "ChessBase"]
[SourceDate "1999.11.16"]
[SourceVersion "1"]
[SourceVersionDate "1999.11.16"]
[SourceQuality "1"]
[WhiteTeam "Germany"]
[BlackTeam "New Zealand"]
[WhiteTeamCountry "GER"]
[BlackTeamCountry "NZL"]

1. e4 d6 2. d4 Nf6 3. Nc3 g6 4. f4 Bg7 5. Nf3 O-O 6. e5 dxe5 (6... Nfd7) 7.
fxe5 Nd5 8. Bc4 Be6 9. Nxd5 Bxd5 10. Bxd5 Qxd5 11. Qe2 b5 (11... c5 $5 12. c4
Qd7 13. d5 e6 14. d6 Nc6 15. Bf4 f6 16. O-O-O $13) 12. O-O Nd7 13. c3 Nb6 (
13... a6 {/\ c5}) 14. b3 a5 15. Ba3 Qd7 16. Bc5 Nd5 17. Qd2 Rfb8 $6 (17... c6)
18. Rac1 b4 $2 (18... c6) 19. c4 Nc3 20. Rfe1 a4 21. Rc2 (21. Bxb4 $2 Nxa2 $1
$15) 21... axb3 22. axb3 $16 f5 $1 23. exf6 Bxf6 24. Bxb4 Rxb4 25. Rxc3 Rab8
26. Ree3 c5 $2 (26... Bg7 $142) 27. Rcd3 $18 cxd4 28. Nxd4 Bxd4 (28... Bg5 29.
Nc2 $18) 29. Rxd4 Qa7 30. Rd7 $2 (30. Rd8+ Rxd8 31. Qxd8+ Kf7 32. Qd5+ Kg7 33.
c5) 30... Qc5 31. Qd5+ Qxd5 32. cxd5 Rd4 $2 (32... R8b7 $1 33. Rdxe7 Rxb3 $1
34. d6 (34. Rxb7 Rxb7 35. Kf2 $16) 34... Rxe3 35. Rxb7 Rd3 36. d7 Kf8 $11) 33.
Rexe7 $18 Rd2 34. Rg7+ Kf8 35. Rxh7 Ke8 36. Ra7 1-0

[Event "EU-ch 1st"]
[Site "Saint Vincent"]
[Date "2000.07.05"]
[Round "3"]
[White "Gdanski, Jacek"]
[Black "Simonenko, Sergei"]
[Result "0-1"]
[WhiteElo "2557"]
[BlackElo "2465"]
[Annotator "Wells,P"]
[PlyCount "66"]
[EventDate "2000.07.03"]
[EventType "swiss"]
[EventRounds "11"]
[EventCountry "ITA"]
[SourceTitle "CBM 078"]
[Source "ChessBase"]
[SourceDate "2000.10.18"]
[SourceVersion "1"]
[SourceVersionDate "2000.10.18"]
[SourceQuality "1"]

1. e4 d6 2. d4 Nf6 3. Nc3 g6 4. f4 Bg7 5. Nf3 O-O 6. Be2 c5 7. dxc5 Qa5 8. O-O
Qxc5+ 9. Kh1 Bg4 10. Bd3 Nc6 11. Qe1 Bxf3 12. Rxf3 Nd7 13. Rh3 Bxc3 $5 {
In this context I have to say that this exchange looks really risky. Still,
white is (understandably!) lured into the 'commitment to the attack' which we
have discussed at several junctures.} 14. bxc3 Rfe8 15. Bd2 Na5 16. Qh4 Nf8 17.
Rf1 Nc4 18. Bc1 Rac8 19. e5 e6 20. exd6 Nxd6 21. Be3 Qxc3 22. Bxa7 Qb2 23. a4
b6 24. f5 $5 exf5 25. a5 {White threatens to bring his bishop back into the
fray in a couple of moves. Yes, white is highly 'committed' on the king-side,
but his f8 knight, which is single-handedly able to cope with the threat to h7,
will not have much to offer if the dark squares come under fire too.} Re4 $5 {
A fascinating decision. As an attacking move, it removes the defender of d3,
and secures black a strong knight on an outpost which can participate in
creating certain threats against white's king. As a defensive move, it cuts
white's queen off from contact with the d4 square, and thus helps prevent the
return of the potentially dangerous a7 bishop. On the other hand, it must be
said that the white piece it exchanges off, certainly did not pose a threat.
On balance I am inclined to think black's forthcoming counterplay is enough to
applaud this brave decision.} 26. Bxe4 Nxe4 27. Bxb6 Rxc2 28. Rg1 g5 29. Qh5 $2
{Missing a shot, but amazingly, black's initiative is really tough to dampen
after} (29. Qh6 $1 Rd2 $1 30. Rf3 Rd6 31. Qh5 $1 Qe2 $1 {[%csl Rf2][%cal Yd6b6]
too.}) 29... Qxb6 $1 $19 30. Rf3 Qxa5 31. Rgf1 Ng6 32. Rb3 Qd2 33. Qf3 Nh4 0-1

[Event "HUN-ch"]
[Site "Budapest"]
[Date "1997.10.28"]
[Round "7"]
[White "Almasi, Zoltan"]
[Black "Chernin, Alexander"]
[Result "1/2-1/2"]
[WhiteElo "2615"]
[BlackElo "2640"]
[Annotator "Yudasin,L"]
[PlyCount "57"]
[EventDate "1997.10.21"]
[EventType "tourn"]
[EventRounds "10"]
[EventCountry "HUN"]
[EventCategory "15"]
[SourceTitle "CBM 062"]
[Source "ChessBase"]
[SourceDate "1998.01.31"]
[SourceVersion "1"]
[SourceVersionDate "1998.01.31"]
[SourceQuality "1"]

1. e4 g6 2. d4 Bg7 3. Nc3 d6 4. f4 Nf6 5. Nf3 O-O 6. Bd3 Nc6 7. O-O e5 $1 8.
fxe5 dxe5 9. d5 Nb4 10. Bc4 (10. Nxe5 Nfxd5 11. exd5 Bxe5 $15) 10... Ne8 (10...
Nh5 11. a3 Na6 12. Be3 c6 13. Bxa6 bxa6 14. dxc6 Qc7 15. Nd5 Qd6 16. b4 Rd8 17.
Bc5 Qe6 18. Ng5 Qg4 19. Ne7+ {1-0 Toth,A-Racsko,G/Eger op 1993/EXT 93op}) 11.
Bg5 (11. a3 Nd6 12. Bb3 Na6 13. Be3 f5 $132) 11... f6 12. Bh4 (12. Be3 Nd6 13.
Bb3 a5 14. a4 Kh8 15. Qd2 b6 16. Rae1 Ba6 17. Rf2 Qd7 18. Bh6 Nb7 19. Bxg7+
Kxg7 20. Re3 Nc5 21. Nh4 Nxb3 22. cxb3 Rad8 23. Rh3 Kg8 24. Rg3 Qf7 25. Nb5 Rd7
26. h3 Kg7 {Balashov,Y-Timman,J/Moscow 1981/MCL 06/[Belov]/0-1 (39)}) 12... Nd6
13. Be2 a5 14. a3 Na6 15. b4 $1 Qe8 {/\f5} 16. Bf2 f5 17. Nd2 (17. b5 Nb8 18.
Nd2 Nd7) 17... Bd7 18. bxa5 (18. Rb1 axb4 19. axb4 $11 {/\Bc5,/\b5,Bc5}) 18...
Qe7 19. Nc4 Kh8 20. Nxd6 (20. Rb1 Nxc4 21. Bxc4 Qxa3) 20... cxd6 21. Rb1 Rfc8
22. Qd2 Be8 23. Bb5 (23. Bb6 f4 24. Bg4 Bd7 $14) 23... Nc5 $1 (23... f4 24.
Bxe8 Rxe8 25. Na4 $16) 24. Bxe8 (24. exf5 gxf5 25. Bxc5 Rxc5 26. Bxe8 (26. Rxf5
e4) 26... Rxe8 27. Rxf5 e4 $44) 24... Qxe8 25. Bxc5 (25. exf5 gxf5 26. Bxc5
Rxc5 27. Rxb7 e4 28. Rxg7 Kxg7 29. Rxf5 Rc4 30. Qg5+ Qg6 31. Qe7+ Kh8 $13 32.
Rf8+ Rxf8 33. Qxf8+ Qg8) 25... Rxc5 26. Rxb7 Qc8 27. Rb3 Rcxa5 28. a4 Qc5+ 29.
Kh1 {29.Qd4,29.f4©} 1/2-1/2

[Event "FRA-ch"]
[Site "Meribel"]
[Date "1998.08.22"]
[Round "9"]
[White "Vaisser, Anatoli"]
[Black "Chomet, Pascal"]
[Result "1-0"]
[WhiteElo "2575"]
[BlackElo "2405"]
[Annotator "Yudasin,L"]
[PlyCount "43"]
[EventDate "1998.08.14"]
[EventType "tourn"]
[EventRounds "15"]
[EventCountry "FRA"]
[EventCategory "10"]
[SourceTitle "CBM 067"]
[Source "ChessBase"]
[SourceDate "1998.11.30"]
[SourceVersion "2"]
[SourceVersionDate "1998.11.01"]
[SourceQuality "1"]

1. d4 d6 2. e4 Nf6 3. Nc3 g6 4. f4 Bg7 5. Nf3 O-O 6. Be2 (6. Be3) (6. Bd3) 6...
c5 7. dxc5 Qa5 8. O-O Qxc5+ 9. Kh1 Nc6 (9... Ng4 10. Nd5 $6 (10. Qd3 Nc6 11. a3
{/\h3} (11. h3 Nb4 12. Qd2 Nf2+ 13. Kh2 Bxc3 14. bxc3 Nxe4 15. cxb4 Nxd2 16.
bxc5 Nxf1+ 17. Bxf1 dxc5 $13)) 10... e6 11. b4 $5 (11. h3 exd5 12. hxg4 dxe4) (
11. Ne7+ Kh8 12. Nxc8 Rxc8 13. Ng5 Nf2+ 14. Rxf2 Qxf2 15. Nxf7+ Kg8 16. Nxd6
Rxc2 $1) 11... Qf2 12. h3 (12. Ng5 Bxa1 $2 (12... exd5 $19) 13. Bxg4 Qh4 $4 (
13... Qd4 14. Ne7+ Kg7 15. Bd2 Bb2 16. c3 Bxc3 17. Bxc3 Qxc3 18. Qxd6 Nc6 $17)
14. g3 Qh6 15. Nc7 $18) (12. Nc7 Bxa1 13. h3 Ne3 14. Rxf2 Nxd1 15. Bxd1 Bd7 16.
Nxa8 Rc8 $13) 12... Bxa1 13. hxg4 Qg3 14. Ne7+ Kh8 15. Qxd6 Bg7 $13) 10. Bd3 e5
11. Qe1 exf4 $6 (11... Re8) (11... Qa5) 12. Bxf4 Ne5 $2 (12... Nb4 13. Rd1 (13.
Qd2 Nh5 (13... Nxd3 14. Qxd3 Ne8 15. Rad1 $36) 14. Be3 Qc6 $16) 13... Be6 14.
a3 Nxd3 15. cxd3 $14) 13. Nxe5 dxe5 14. Bg5 Nh5 (14... Qd6 15. Qh4 Nh5 16. Be7)
(14... Qc6 15. Qh4 Nh5 16. Bb5 (16. Be7) 16... Qb6 17. Be7) 15. Nd5 f6 (15...
Re8 16. b4 Qd6 17. c4 $16) 16. Bd2 Rf7 (16... Re8 17. Bb4 Qd4 18. Bb5 Re6 19.
Rd1 Qxb2 20. c3 $18) 17. Bb4 Qd4 18. Rd1 Qxb2 $4 (18... a5 19. c3 Qa7 20. Bd6
$16 (20. Ne7+ Kh8 21. Bc4 Rf8 22. Ba3 Bg4 $16)) (18... Nf4 19. Nxf4 exf4 20. c3
Qe5 21. Bc4 Be6 22. Bd6 Bxc4 23. Bxe5 Bxf1 24. Qxf1 (24. Bxf4 Bb5 $18 {/\Bc6,
Re8}) 24... fxe5 25. Qc4 Kf8 26. Kg1 $18) 19. c3 Qxa2 (19... a5 20. Rf2 (20.
Bc5 $18) 20... Qxf2 21. Qxf2 axb4 22. cxb4 $18 (22. Nb6 Bg4 23. Nxa8 (23. Rc1
Re8 $18) 23... Bxd1 24. Bc4 bxc3 25. Bxf7+ Kxf7 26. Qe3 c2 $13)) 20. Ra1 Qb3
21. Ra3 Qb2 22. Rf2 {Yudasin} 1-0

[Event "Linz"]
[Site "Linz"]
[Date "1997.05.24"]
[Round "8"]
[White "Almasi, Zoltan"]
[Black "Beim, Valery"]
[Result "1/2-1/2"]
[WhiteElo "2595"]
[BlackElo "2555"]
[Annotator "Yudasin,L"]
[PlyCount "37"]
[EventDate "1997.05.17"]
[EventType "tourn"]
[EventRounds "9"]
[EventCountry "AUT"]
[EventCategory "12"]
[SourceTitle "CBM 059"]
[Source "ChessBase"]
[SourceDate "1997.08.01"]
[SourceVersion "1"]
[SourceVersionDate "1997.08.01"]
[SourceQuality "1"]

1. e4 g6 2. d4 Bg7 3. Nc3 d6 4. f4 Nf6 5. Nf3 O-O 6. Bd3 Na6 7. O-O (7. e5 $1)
7... c5 $1 8. d5 Bg4 (8... Rb8 9. Kh1 Bg4 10. Qe1 Nb4 11. Qh4 b5 12. a3 Nxd3
13. cxd3 a5 14. f5 b4 15. Ne2 (15. Nd1 $5) 15... bxa3 16. Rxa3 Rb4 17. fxg6
hxg6 18. Nf4 Bxf3 19. gxf3 Qb6 20. Rc3 c4 21. dxc4 Qa6 22. Qe1 Nd7 23. Rc2 Rc8
24. Qe2 $14 {De Firmian-Markowski,T,Polanica Zdroj,1995}) 9. h3 (9. Kh1 {
Stohl It's not easy to decide what is White's best reply, but I like the
direct 9.Qe1!?} Nd7 $1 $146 {This logical move is surprisingly a novelty. The
Na6 remains flexible (Nb4 or Nc7) and Black makes another useful move.} 10. Qe1
Bxf3 11. Rxf3 Nb4 {[%cal Rc5c4] /\c4} 12. Qh4 Nxd3 13. cxd3 e6 $10) (9. a3 Nc7
10. h3 Bxf3 11. Qxf3 Nd7 12. f5 e6 $13) 9... Bxf3 10. Rxf3 $1 {[%cal Ra6b4,
Gd3f1]} Nd7 $1 (10... Nb4 $140 11. Bf1) 11. Kh1 Rc8 $1 {[%cal Gc5c4] /\c4,Nac5}
12. Qe2 Qa5 $1 (12... Nc7 13. a4 {[%cal Gd3c4]}) 13. Bd2 (13. Nd1 {Stohl} Nb4
14. Bc4 Nb6 15. c3 Nxc4 16. Qxc4 Na6 $10) (13. a3 $2 {Stohl} Bxc3 14. bxc3 Qxc3
15. Rb1 c4 $19) (13. Rb1 {Stohl} Nb6 14. Bxa6 Qxa6 $132) 13... Nb4 $1 $11 {
[%csl Rc2]} 14. Nd1 Qc7 15. c4 (15. Bxb4 $2 {Stohl} cxb4 {[%cal Rd7c5] /\Nc5=/+
}) 15... e6 $1 (15... Nxd3 {Stohl} 16. Rxd3 e6 $13) 16. Bb1 (16. dxe6 $140 fxe6
$11 {[%cal Gb4c6,Gc6d4]}) 16... exd5 17. exd5 $146 (17. cxd5 {Stohl,I} Rfe8 {
[%cal Rb4d5] /\Nd5} 18. Qf1 Na6 19. Bc3 (19. Bd3 c4 20. Rc1 b5 {[%cal Ra6c5] /
\Nac5|^}) 19... c4 $1 20. Bxg7 Kxg7 21. Nc3 b5 $1 {Almasi,Z-Svidler,P/Tilburg
Fontys 1996/1/2-1/2(32)}) 17... Rce8 (17... Rfe8 18. Qf1 Re7 $10 {[%cal Ge7e1]
<->e}) 18. Qf1 Qd8 {[%cal Gb4a6,Ga6c7,Ya7a6,Yb7b5]} 19. a3 1/2-1/2

[Event "Hastings 9798"]
[Site "Hastings"]
[Date "1998.01.06"]
[Round "8"]
[White "McShane, Luke J"]
[Black "Tkachiev, Vladislav"]
[Result "0-1"]
[WhiteElo "2455"]
[BlackElo "2615"]
[Annotator "Yudasin,L"]
[PlyCount "75"]
[EventDate "1997.12.29"]
[EventType "tourn"]
[EventRounds "9"]
[EventCountry "ENG"]
[EventCategory "13"]
[SourceTitle "CBM 063"]
[Source "ChessBase"]
[SourceDate "1998.03.26"]
[SourceVersion "1"]
[SourceVersionDate "1998.03.26"]
[SourceQuality "1"]

1. e4 g6 2. d4 Bg7 3. Nc3 d6 4. f4 Nf6 5. Nf3 O-O 6. Be3 b6 7. Bd3 (7. h3 c5 8.
d5 a6 9. a4 Nbd7 10. Bd3 Rb8 11. Qe2) 7... c5 8. h3 (8. d5 Na6 9. h3 Nc7 $5)
8... cxd4 9. Bxd4 (9. Nxd4 Bb7 10. O-O Nbd7 {/\Nc5,/\a6,e5,/\e5}) 9... Bb7 10.
Qd2 (10. O-O Nc6 11. Be3 Rc8 12. Qd2 e5 $5) 10... Nc6 11. Bf2 Rc8 12. O-O-O Nb4
(12... Nd7 $5) (12... Na5 $5) 13. Kb1 b5 (13... Nxd3 14. cxd3 a6 $13) 14. Rhe1
(14. Bxa7 Qa5 15. Bd4 Nxe4) 14... Nxd3 15. Qxd3 Nh5 (15... b4 16. Nd5 Nxd5 17.
exd5 a5 18. Qb5 Qc7 19. Rd2 {/\Bb6}) 16. Ne2 Qc7 (16... Nf6 17. Nc3 a6 $13 {
/\Nd7}) 17. g4 Nf6 18. Ned4 b4 19. Bg3 Qb6 $2 (19... Qc4 $1 $15) 20. f5 $1 Rfd8
$2 (20... Nd7 $1 21. fxg6 hxg6 22. e5 $10) 21. Ng5 Qc5 (21... h6 22. Nxf7 Kxf7
23. Qb3+ d5 24. e5 $40) (21... Rf8 22. e5 $36) 22. Nxf7 $1 Kxf7 23. Ne6 Qc6 (
23... Qb6 24. Qb3 d5 25. e5 Ne8 26. Nxd8+ Rxd8 27. Qf3 $40) 24. Qb3 d5 25. e5
Ne8 26. Nxd8+ Rxd8 27. Qxb4 $16 Rc8 28. Rc1 $6 (28. Rd2 {/\Rf2}) 28... Ba6 29.
Bh4 Qc5 30. Qf4 (30. Qxc5 Rxc5 31. Bf2 Rc7 32. Rcd1 e6 33. f6 Bh6 34. Be3 $16)
30... gxf5 31. gxf5 d4 $5 32. Bf2 Rd8 33. Red1 $4 (33. Rcd1 Rc8 34. Bxd4 Qxc2+
35. Ka1 $40) 33... Qxe5 34. Qg5 (34. Qxe5 Bxe5 35. Re1 Bf6 36. Rcd1 Ng7 $17)
34... Be2 (34... d3 35. c3 Qe2 (35... Nf6 36. Bd4 $132) 36. Rd2 Bf6 37. Qe3)
35. Rd2 (35. Re1 d3) 35... d3 36. cxd3 (36. c3 Nf6 37. Bd4 Rxd4 38. cxd4 Qxd4
$19 {/\Ne4}) 36... Bxd3+ 37. Ka1 Rb8 $19 38. Qh5+ {38...Kf8,39...Rb2 Yudasin}
0-1

[Event "Hastings 9798"]
[Site "Hastings"]
[Date "1998.01.05"]
[Round "7"]
[White "Sadler, Matthew D"]
[Black "Plaskett, H James"]
[Result "1-0"]
[WhiteElo "2665"]
[BlackElo "2450"]
[Annotator "Yudasin,L"]
[PlyCount "79"]
[EventDate "1997.12.29"]
[EventType "tourn"]
[EventRounds "9"]
[EventCountry "ENG"]
[EventCategory "13"]
[SourceTitle "CBM 063"]
[Source "ChessBase"]
[SourceDate "1998.03.26"]
[SourceVersion "1"]
[SourceVersionDate "1998.03.26"]
[SourceQuality "1"]

1. d4 d6 2. e4 Nf6 3. Nc3 g6 4. f4 Bg7 5. Nf3 O-O 6. Be3 b6 7. Qd2 c5 (7... Bb7
8. e5 Ne4 9. Nxe4 Bxe4 10. Ng5 Bb7 11. O-O-O $36) 8. d5 Nbd7 (8... a6 9. a4 Bg4
10. Be2 Nbd7 (10... Bxf3 11. Bxf3 Nbd7 12. g4 $40) 11. e5 Ne8 12. e6 fxe6 13.
Ng5) 9. h3 Rb8 $5 (9... a6 10. a4 Rb8 11. e5 dxe5 12. fxe5 Nh5 13. e6 fxe6 14.
dxe6 Ne5 $13) 10. Bb5 $6 (10. a4) 10... a6 11. Bxd7 Qxd7 $1 (11... Bxd7 12. e5)
(11... Nxd7 12. O-O b5 $13) 12. e5 Ne8 13. O-O $6 (13. Ne4 {[%cal Gc2c4] /\c4})
13... Bb7 14. Rad1 Nc7 15. a3 $5 Rbd8 (15... Rfd8 $5 16. b4 dxe5 17. bxc5 exf4
18. Bxf4 Bxc3 19. Qxc3 Nxd5 20. Qb3 $16) 16. b4 Qc8 (16... dxe5 17. Nxe5 Qc8
$17) 17. Qf2 Qa8 $6 (17... dxe5 18. bxc5 $2 exf4 $19 (18... bxc5 19. Bxc5 Nxd5
20. Nxd5 Rxd5 21. Rxd5 Bxd5 22. Nxe5 $15) 19. Bd4 Bxd4 20. Qxd4 Nxd5) 18. bxc5
dxc5 $2 (18... bxc5 19. Qh4 $2 (19. f5 $1 dxe5 20. Bxc5 Nxd5 21. Nxd5 Rxd5 22.
Rxd5 Bxd5 23. Bxe7 Re8 24. f6 $13) 19... Nxd5 20. Nxd5 Bxd5 $15) 19. Rb1 Nxd5
20. Nxd5 Bxd5 21. Rxb6 $10 c4 22. Bc5 Rd7 23. c3 Rb8 24. Rfb1 Rbd8 (24... Rxb6
25. Rxb6 Rb7 $10) 25. Bd4 e6 (25... Bxf3 26. gxf3 {[%cal Gf2e3,Gg1g2] /\Qe3,Kg2
}) 26. h4 Bf8 (26... Bxf3 27. Qxf3 Qxf3 28. gxf3 Bh6 29. Rxa6 Bxf4 30. Rc6 Rd5
$10) 27. a4 Bc6 $6 (27... h5 $10) 28. h5 $1 (28. a5 Bb5 {[%cal Ga8e4] /\Qe4})
28... gxh5 $5 (28... Bxa4 29. hxg6 hxg6 30. Qh4 Bg7 31. Ng5 $40) (28... Bxf3
29. gxf3 $14) 29. f5 $1 Be4 (29... exf5 30. Nh4 Be4 31. Rf1 $40) 30. fxe6 fxe6
31. Rf1 Bf5 $5 (31... Bd5 32. Qh4 Rg7 33. Qxh5 $13 (33. Rxa6 $2 Bxf3) 33... Rb8
$132) 32. Ng5 Re8 (32... Rb8 33. Nxe6 Rxb6 34. Qxf5 $40) 33. Qh4 Rg7 $6 (33...
Bg4 34. Rf6 Qd5 $13) 34. Qxh5 Be7 $4 (34... Bg6 35. Qh3 Bf5 36. Qh5) {[%tqu
"En","","","","b6a6","",10]} 35. Rxa6 $1 {[%csl Re8]} Qc8 $8 {[%tqu "En","","",
"","f1f5","",10]} 36. Rxf5 $1 exf5 {[%tqu "En","","","","g5h7","",10]} 37. Nxh7
$3 Qxa6 (37... Rxh7 38. Rg6+ Rg7 39. Rxg7+ Kxg7 40. e6+ $18) {[%tqu "En","","",
"","h7f6","",10]} 38. Nf6+ $1 Bxf6 39. Qxe8+ Kh7 40. exf6 {[%cal Rf6f7] /\f7}
1-0

[Event "Lee Cup 4th"]
[Site "Beijing"]
[Date "1997.08.25"]
[Round "3"]
[White "Xie, Jianjun"]
[Black "Tong, Yuanming"]
[Result "1-0"]
[WhiteElo "2365"]
[BlackElo "2510"]
[Annotator "Yudasin,L"]
[PlyCount "91"]
[EventDate "1997.08.23"]
[EventType "swiss"]
[EventRounds "11"]
[EventCountry "CHN"]
[SourceTitle "CBM 061"]
[Source "ChessBase"]
[SourceDate "1997.11.23"]
[SourceVersion "1"]
[SourceVersionDate "1997.11.23"]
[SourceQuality "1"]

1. e4 g6 2. d4 Bg7 3. Nc3 d6 4. f4 Nf6 5. Bd3 e5 (5... Nc6 6. Nf3 Bg4 7. e5 (7.
Be3 e5 $1 8. dxe5 (8. fxe5 dxe5 9. d5 Nd4) 8... dxe5 9. Bb5 exf4 10. Qxd8+ Rxd8
11. Bxc6+ bxc6 12. Bxf4 O-O 13. h3 (13. Bxc7 Rd7 14. Bg3 Re8 $15) 13... Bxf3
14. gxf3 Nh5 $15 {Rogers-Gufeld, Camberra 1988}) 7... Bxf3 (7... dxe5 8. dxe5
Nd5 $10) 8. gxf3 Nd7 (8... Nh5 $142 9. Be3 e6 {[%cal Yd8h4]} 10. h4 O-O 11. Qd2
dxe5 12. dxe5 Nb4 13. O-O-O Nxd3+ 14. cxd3 f6 $17 {Fedorowicz-Smyslov, New
York 1989}) 9. Be3 Nb6 10. Qd2 Nb4 11. O-O-O Qd7 12. Kb1 Nxd3 13. Qxd3 O-O-O
14. h4 h5 $15 {Jachs,W-Hon,A/Finkenstein op 1996/EXT 96op2/1/2-1/2 (62)}) 6.
dxe5 dxe5 7. Nf3 (7. f5 gxf5 8. exf5 e4 9. Nxe4 Bxf5 10. Nxf6+ Qxf6 11. Qe2+
Be6 12. Nf3 Nc6 13. O-O O-O-O 14. Ng5 Qd4+ 15. Be3 Qxb2 16. Rab1 Nd4 17. Qh5
Qxa2 {1/2-1/2 De Firmian,N-Seirawan,Y/USA-ch Estes Park 1987/EXT 87ch}) 7...
Nc6 $6 $146 (7... Bg4 8. h3 Bxf3 9. Qxf3 O-O 10. O-O Nc6 11. f5 $14 {
Cyborowski,L-Bartolomaeus,C/Dresden U20 1995/EXT 951/2-1/2 (28)}) (7... exf4 8.
Bxf4 O-O 9. Bg5 $6 (9. O-O) 9... h6 10. Bh4 g5 11. Bg3 Nc6 12. O-O Be6 13. Bb5
Qe7 14. Bxc6 bxc6 $15 {Dieks,R-Timman,J/NLD-ch Leeuwarden 1975/MCD-ch/0-1 (40)}
) 8. fxe5 Ng4 9. Bg5 Qd7 10. Qe2 Ngxe5 11. O-O-O Qg4 $2 (11... O-O $142 12. Nd5
Qd6 13. Bf4 $14) 12. h3 Qg3 $4 (12... Qe6 13. Nd5 (13. Nb5 Qxa2 14. Nxc7+ Kf8
$132 {[%cal Ga2a1,Ya2a5]}) 13... O-O (13... Qd6 14. Bb5 $18) 14. Kb1 $1 (14.
Bf4 Nxf3 15. gxf3 Nd4 16. Qe3 c6) 14... Nxf3 15. gxf3 Qe5 16. Bc1 $16 {[%cal
Gf3f4]}) 13. Nd5 $18 {[%cal Gd5c7,Gg5f4]} Nxf3 (13... Nxd3+ 14. Rxd3 Nd4 15.
Qd2 Ne6 16. Bh4 $18) (13... Nd4 14. Bb5+ $1 $18 (14. Nxc7+ Kd7 15. Nxa8 $1
Nxe2+ 16. Bxe2+ Kc6 17. Nd4+)) 14. Bf4 Nfd4 (14... Bh6 15. Nxc7+ Kd8 16. Bxh6
$18) (14... Ncd4 15. Bxg3 Nxe2+ 16. Bxe2 $18) 15. Nxc7+ Kf8 16. Bxg3 $2 (16.
Qd2 Qh4 17. Nxa8 $18) 16... Nxe2+ 17. Bxe2 Rb8 18. Bd6+ Kg8 19. Rhf1 {[%cal
Ge2c4]} Be5 20. Bc4 Bxd6 21. Bxf7+ Kg7 22. Rxd6 Rf8 23. Bc4 Rxf1+ 24. Bxf1 {
white has two pawns up and a winning position in this ending.The rest is easy
job} Kf7 25. Bc4+ Ke7 26. Rd1 Ne5 27. Bb3 Bd7 28. Nd5+ Kf8 29. Nf6 Bc6 30.
Nxh7+ Ke7 31. Ng5 Rf8 32. c3 Rf2 33. Rd2 Rf1+ 34. Kc2 Kf6 35. h4 Ke7 36. Bd5
Bb5 37. b3 b6 38. c4 Bd7 39. Kc3 Rh1 40. Kd4 Kd6 41. Nf7+ Nxf7 42. Bxf7 Rxh4
43. Bxg6 Be6 44. Rf2 Rg4 45. Rf6 {[%cal Rf6e6]} Rxg2 46. Bf5 1-0